Az interjúk során szerzett információk felhasználhatósága a vezető pedagógiai szakmai ellenőrzésben (Általános Iskola)

Elmentve itt :
Bibliográfiai részletek
Szerző: Borsos Ildikó
További közreműködők: Málnási-Szász Myrtill Marietta (Témavezető)
Dokumentumtípus: Szakdolgozat
Megjelent: 2020
Tárgyszavak:
Online Access:http://diploma.bibl.u-szeged.hu/109868
LEADER 00901nta a2200193 i 4500
001 dipl109868
005 20210322152024.0
008 210317s2020 hu om 0|| zxx d
040 |a SZTE Diploma Repozitórium  |b hun 
041 |a zxx 
100 1 |a Borsos Ildikó 
245 1 3 |a Az interjúk során szerzett információk felhasználhatósága a vezető pedagógiai szakmai ellenőrzésben (Általános Iskola)  |h [elektronikus dokumentum] /  |c Ildikó Borsos 
246 1 0 |a Usefulness of the information obtained during the interviews in the professional verification of the leading pedagogy (Elementary School)  |h [elektronikus dokumentum] 
260 |c 2020 
650 4 |a Bölcsészettudományok 
650 4 |a Social sciences 
650 4 |a Educational sciences 
700 2 |a Málnási-Szász Myrtill Marietta  |e ths 
856 4 0 |u http://diploma.bibl.u-szeged.hu/id/eprint/109868/1/2020_borsos_ildiko.pdf  |z Dokumentum-elérés